Jugoslávský systém plánovitého řízení hospodářství a jeho problémy (zpráva ze studijní cesty ve dnech 10.-26. 6. 64)

Enregistré dans:
Détails bibliographiques
Auteur principal: Komenda, B.
Autres auteurs: Kožušník, Čestmír
Format: Livre
Langue:tchèque
Publié: Praha Ekonomický ústav ČSAV 1964
Tags: Ajouter un tag
Pas de tags, Soyez le premier à ajouter un tag!

MARC

LEADER 00000nam$a2200000$$$4500
001 0023761
005 20240109104440.8
041 0 |a cze 
044 |a CZ 
245 1 0 |a Jugoslávský systém plánovitého řízení hospodářství a jeho problémy  |b (zpráva ze studijní cesty ve dnech 10.-26. 6. 64)  |c B. Komenda, Č. Kožušník 
264 1 |a Praha  |b Ekonomický ústav ČSAV  |c 1964 
300 |a 35 s. 
100 1 |a Komenda, B. 
700 1 |a Kožušník, Čestmír